[Event "22nd Mikhail Chigorin Memorial"]
[Site "Sochi URS"]
[Date "1988.??.??"]
[Round "?"]
[White "Smagin, Sergey"]
[Black "Dolmatov, Sergei"]
[WhiteElo "2550"]
[BlackElo "2550"]
[Result "1/2-1/2"]
[EventDate "1988.09.01"]
[PlyCount "29"]

1. e4 c5 2. Nf3 e6 3. d4 cxd4 4. Nxd4 Nf6 5. Nc3 Nc6 6. Ndb5 d6 7. Bf4 e5 8. Bg5 a6 9. Na3 b5 10. Nd5 Be7 11. Bxf6 Bxf6 12. c3 O-O 13. Be2 Nb8 14. O-O Nd7 15. Bg4 1/2-1/2

[Event "22nd Mikhail Chigorin Memorial"]
[Site "Sochi URS"]
[Date "1988.??.??"]
[Round "?"]
[White "Smagin, Sergey"]
[Black "Olafsson, Helgi"]
[WhiteElo "2550"]
[BlackElo "2525"]
[Result "1/2-1/2"]
[EventDate "1988.09.01"]
[PlyCount "83"]

1. e4 e5 2. Nf3 Nf6 3. d4 Nxe4 4. Bd3 d5 5. Nxe5 Nd7 6. Nxd7 Bxd7 7. O-O Qh4 8. c4 O-O-O 9. c5 g5 10. Nc3 Bg7 11. g3 Qh3 12. Nxd5 Rhe8 13. Qf3 Bf5 14. Ne3 Bg6 15. c6 Rxd4 16. Be2 h5 17. cxb7+ Kb8 18. Re1 Qd7 19. Nf1 g4 20. Qg2 Nc5 21. Be3 Be4 22. f3 Bxb7 23. Rad1 gxf3 24. Bxf3 Rxd1 25. Rxd1 Qxd1 26. Bxd1 Bxg2 27. Kxg2 Re5 28. Bf4 Rd5 29. Bf3 Rd7 30. b3 Nd3 31. Bd2 h4 32. gxh4 f5 33. Ng3 Be5 34. Nxf5 Nf4+ 35. Bxf4 Bxf4 36. Be2 Rd2 37. Kf3 Bxh2 38. a4 Be5 39. h5 Kc8 40. Bc4 Kd7 41. Ke4 Bb2 42. h6 1/2-1/2

[Event "22nd Mikhail Chigorin Memorial"]
[Site "Sochi URS"]
[Date "1988.??.??"]
[Round "?"]
[White "Smagin, Sergey"]
[Black "Vaisser, Anatoly"]
[WhiteElo "2550"]
[BlackElo "2530"]
[Result "1/2-1/2"]
[EventDate "1988.09.01"]
[PlyCount "58"]

1. e4 c5 2. Nf3 Nc6 3. d4 cxd4 4. Nxd4 Nf6 5. Nc3 e5 6. Ndb5 d6 7. Bg5 a6 8. Na3 b5 9. Bxf6 gxf6 10. Nd5 Bg7 11. Bd3 Ne7 12. Nxe7 Qxe7 13. c4 f5 14. O-O O-O 15. Qh5 Rb8 16. exf5 e4 17. Rae1 Bb7 18. Re3 bxc4 19. Rh3 h6 20. Bxc4 d5 21. Bxd5 Bxd5 22. f6 Qxf6 23. Qxd5 Rxb2 24. Qxe4 Rxa2 25. Nc4 Qe6 26. Qd3 Qe2 27. Qd5 Qe6 28. Qd3 Qe2 29. Qd5 Qe6 1/2-1/2

[Event "22nd Mikhail Chigorin Memorial"]
[Site "Sochi URS"]
[Date "1988.??.??"]
[Round "?"]
[White "Vaisser, Anatoly"]
[Black "Damljanovic, Branko"]
[WhiteElo "2530"]
[BlackElo "2565"]
[Result "1/2-1/2"]
[EventDate "1988.09.01"]
[PlyCount "63"]

1. d4 Nf6 2. c4 e6 3. Nc3 Bb4 4. e3 c5 5. Nge2 cxd4 6. exd4 d5 7. c5 Ne4 8. Bd2 Nxd2 9. Qxd2 a5 10. a3 Bxc3 11. Nxc3 a4 12. Bd3 Bd7 13. O-O O-O 14. f4 g6 15. Bc2 Bc6 16. Rae1 Nd7 17. Qd1 Qa5 18. Re3 Rfe8 19. Rfe1 Nf6 20. g4 b6 21. f5 exf5 22. Rxe8+ Nxe8 23. Bxa4 b5 24. Bb3 Nf6 25. gxf5 b4 26. axb4 Qxb4 27. fxg6 hxg6 28. Rf1 Kg7 29. Rf4 Ra7 30. Rf2 Ne4 31. Rf3 Ng5 32. Rd3 1/2-1/2

[Event "22nd Mikhail Chigorin Memorial"]
[Site "Sochi URS"]
[Date "1988.??.??"]
[Round "?"]
[White "Vaisser, Anatoly"]
[Black "Dolmatov, Sergei"]
[WhiteElo "2530"]
[BlackElo "2550"]
[Result "1/2-1/2"]
[EventDate "1988.09.01"]
[PlyCount "65"]

1. d4 e6 2. c4 f5 3. g3 Nf6 4. Bg2 c6 5. Nc3 d5 6. Nh3 Bd6 7. Bf4 Be7 8. Bg5 O-O 9. e3 Ne4 10. Bxe7 Qxe7 11. O-O Nd7 12. Qc2 Ndf6 13. Nf4 Bd7 14. Nd3 Rac8 15. f3 dxc4 16. fxe4 cxd3 17. Qxd3 fxe4 18. Nxe4 Nxe4 19. Bxe4 Rxf1+ 20. Rxf1 g6 21. Qc4 Rf8 22. Rxf8+ Qxf8 23. Bg2 Qf5 24. e4 Qa5 25. h4 Qd2 26. Qc3 Qxc3 27. bxc3 e5 28. Kf2 Kf7 29. dxe5 Ke6 30. Bh3+ Ke7 31. Bf1 Ke6 32. Bh3+ Ke7 33. Bf1 1/2-1/2

[Event "22nd Mikhail Chigorin Memorial"]
[Site "Sochi URS"]
[Date "1988.??.??"]
[Round "?"]
[White "Vaisser, Anatoly"]
[Black "Kholmov, Ratmir"]
[WhiteElo "2530"]
[BlackElo "2475"]
[Result "1/2-1/2"]
[EventDate "1988.09.01"]
[PlyCount "89"]

1. d4 Nf6 2. Nf3 e6 3. Bg5 c5 4. e3 b6 5. d5 exd5 6. Nc3 Be7 7. Nxd5 Bb7 8. Bxf6 Bxf6 9. c3 O-O 10. Bc4 d6 11. Nxf6+ Qxf6 12. Bd5 Nc6 13. Qa4 Rac8 14. Rd1 Rfd8 15. O-O a6 16. Rd2 b5 17. Qg4 h6 18. Rfd1 Rc7 19. Qh4 Qxh4 20. Nxh4 Na5 21. Nf5 Bc8 22. Ng3 Kf8 23. b3 Ke7 24. f3 Nc6 25. f4 Bg4 26. Bf3 Bxf3 27. gxf3 g6 28. h4 h5 29. Kf2 Na7 30. f5 Nc8 31. fxg6 fxg6 32. Ne4 Rc6 33. Rd5 Nb6 34. Rg5 d5 35. Re5+ Kf8 36. c4 bxc4 37. bxc4 Nxc4 38. Rexd5 Rxd5 39. Rxd5 Nb2 40. Ke2 c4 41. Rc5 Rxc5 42. Nxc5 c3 43. f4 Ke7 44. e4 a5 45. Nb3 1/2-1/2

[Event "22nd Mikhail Chigorin Memorial"]
[Site "Sochi URS"]
[Date "1988.??.??"]
[Round "?"]
[White "Watson, William"]
[Black "Dokhoian, Yuri"]
[WhiteElo "2500"]
[BlackElo "2520"]
[Result "1/2-1/2"]
[EventDate "1988.09.01"]
[PlyCount "70"]

1. e4 e6 2. d4 d5 3. Nd2 c5 4. exd5 exd5 5. Ngf3 Nf6 6. Bb5+ Bd7 7. Bxd7+ Nbxd7 8. O-O Be7 9. dxc5 Nxc5 10. Nb3 Nce4 11. Nfd4 Qd7 12. Qf3 O-O 13. Nf5 Bd8 14. Rd1 Rc8 15. c3 g6 16. Ng3 Re8 17. Be3 b5 18. Nxe4 Nxe4 19. Rd3 Bb6 20. Bxb6 axb6 21. Rad1 Re5 22. Qe3 Rce8 23. f4 Rf5 24. Qxb6 Rf6 25. Qa5 Rxf4 26. Rxd5 Qg4 27. Qxb5 Re6 28. Nc5 Nxc5 29. Qxc5 Re2 30. g3 Qf3 31. Rd8+ Kg7 32. Qf8+ Kf6 33. Qd6+ Kg7 34. Qf8+ Kf6 35. Qd6+ Kg7 1/2-1/2

[Event "22nd Mikhail Chigorin Memorial"]
[Site "Sochi URS"]
[Date "1988.??.??"]
[Round "?"]
[White "Watson, William"]
[Black "Olafsson, Helgi"]
[WhiteElo "2500"]
[BlackElo "2525"]
[Result "1/2-1/2"]
[EventDate "1988.09.01"]
[PlyCount "45"]

1. e4 c5 2. Nf3 d6 3. d4 cxd4 4. Nxd4 Nf6 5. Nc3 a6 6. Be3 e6 7. f3 Nbd7 8. g4 h6 9. h4 Ne5 10. Be2 Qc7 11. Rg1 Nfd7 12. Qd2 Nb6 13. O-O-O Nbc4 14. Bxc4 Nxc4 15. Qd3 Bd7 16. Kb1 Nxe3 17. Qxe3 O-O-O 18. f4 g6 19. h5 gxh5 20. gxh5 Qc5 21. e5 dxe5 22. fxe5 Be7 23. Qf4 1/2-1/2

[Event "22nd Mikhail Chigorin Memorial"]
[Site "Sochi URS"]
[Date "1988.??.??"]
[Round "?"]
[White "Watson, William"]
[Black "Vaisser, Anatoly"]
[WhiteElo "2500"]
[BlackElo "2530"]
[Result "1/2-1/2"]
[EventDate "1988.09.01"]
[PlyCount "29"]

1. e4 e6 2. d4 d5 3. Nd2 c5 4. exd5 Qxd5 5. Ngf3 cxd4 6. Bc4 Qd6 7. O-O Nf6 8. Nb3 Nc6 9. Nbxd4 Nxd4 10. Nxd4 Bd7 11. c3 Qc7 12. Qe2 a6 13. Bg5 Be7 14. Rad1 O-O 15. Bd3 1/2-1/2